000 00921nam a2200265Ia 4500
003 OSt
005 20221005110146.0
006 a|||||r|||| 00| 0
007 ta
008 221004b |||||||| |||| 00| 0 hin d
020 _a8126021438 (hbk)
_c750
024 _a93435
037 _b526, 19/03/2009, Vani Prakashan
_cTextual
040 _aCRL
_cCRL
_bhin
041 _2hin
_ahin
082 _aO152,3N14x, P7
100 _aमधुरेश, संपा.
245 0 _aयशपाल रचना संचयन
246 _aYashapāl rachanā sanchayana
260 _aनई दिल्ली
_bसाहित्य अकादेमी भारत
_c2007
300 _a368पृ0
_ccm.
650 _aहिन्दी साहित्य
942 _hO152,3N14x, P7
_cTEXL
_2cc
999 _c1017976
_d1017976